NEC3 (Record no. 104437)

MARC details
000 -LEADER
fixed length control field 03479cam a2200469 4500
001 - CONTROL NUMBER
control field ##L130358
008 - FIXED-LENGTH DATA ELEMENTS--GENERAL INFORMATION
fixed length control field 050720n2005 000 0 eng u
020 ## - INTERNATIONAL STANDARD BOOK NUMBER
International Standard Book Number 0727733826
035 ## - SYSTEM CONTROL NUMBER
System control number (Sirsi) u130358
041 0# - LANGUAGE CODE
Language code of text/sound track or separate title eng
050 04 - LIBRARY OF CONGRESS CALL NUMBER
Classification number 624.08 $2 18
110 2# - MAIN ENTRY--CORPORATE NAME
Corporate name or jurisdiction name as entry element Institution of Civil Engineers
9 (RLIN) 1402
240 00 - UNIFORM TITLE
Uniform title New engineering contract
245 ## - TITLE STATEMENT
Title NEC3
250 ## - EDITION STATEMENT
Edition statement 3rd ed.
260 ## - PUBLICATION, DISTRIBUTION, ETC.
Place of publication, distribution, etc. London
Name of publisher, distributor, etc. Thomas Telford
Date of publication, distribution, etc. 2005
300 ## - PHYSICAL DESCRIPTION
Extent 1
Type of unit boxed set
Dimensions 30cm.
350 ## - PRICE (NR) (BK AM CF MU VM SE) [OBSOLETE]
Price 275
490 ## - SERIES STATEMENT
Series statement New Engineering Contract (Third Edition)
505 0# - FORMATTED CONTENTS NOTE
Formatted contents note Engineering and Construction Contract -- Engineering and Construction Contract: Option A - Priced Contract with Activity Schedule -- Engineering and Construction Contract: Option B - Priced Content with Bills of Quantities -- Engineering and Construction Contract: Option C - Target Contract with Activity Schedule - Engineering and Construction Contract: Option D - Target Contract With Bill of Quantities -- Engineering and Construction Contract: Option E - Cost Reimbursable Contract -- Engineering and Construction Contract: Option F - Management Contract -- Guidance notes for the engineering and construction contract -- Flow charts for the engineering and construction contract -- Engineering and Construction Subcontract -- Engineering and Construction Short Subcontract -- Professional Services Contract -- Guidance notes and flow charts for the professional services contract -- Engineering and Construction Short Contract -- Guidance notes and flow charts for the engineering and construction short contract -- Adjudicator's Contract -- Guidance notes and flow charts for the adjudicator's contract -- Term Service Contract -- Guidance notes for the term service contract -- Flow charts for the term service contract -- Framework Contract -- Guidance notes for the framework contract -- Procurement and contract strategies
520 ## - SUMMARY, ETC.
Summary, etc. An updated suite of engineering and construction contracts and associated guidance and flowcharts, which includes new term service and framework contracts and guidance on procurement and contract strategies.
520 ## - SUMMARY, ETC.
Summary, etc. Supersedes second edition (ISBN 0727720813).
590 ## - LOCAL NOTE (RLIN)
Local note IKA111005
650 24 - SUBJECT ADDED ENTRY--TOPICAL TERM
Topical term or geographic name entry element NEW ENGINEERING CONTRACT (THIRD EDITION)
650 24 - SUBJECT ADDED ENTRY--TOPICAL TERM
Topical term or geographic name entry element NEC ENGINEERING AND CONSTRUCTION CONTRACT (THIRD EDITION)
650 24 - SUBJECT ADDED ENTRY--TOPICAL TERM
Topical term or geographic name entry element NEC ENGINEERING AND CONSTRUCTION CONTRACT: OPTION A (THIRD EDITION)
650 24 - SUBJECT ADDED ENTRY--TOPICAL TERM
Topical term or geographic name entry element NEC ENGINEERING AND CONSTRUCTION CONTRACT: OPTION B (THIRD EDITION)
650 24 - SUBJECT ADDED ENTRY--TOPICAL TERM
Topical term or geographic name entry element NEC ENGINEERING AND CONSTRUCTION CONTRACT: OPTION C (THIRD EDITION)
650 24 - SUBJECT ADDED ENTRY--TOPICAL TERM
Topical term or geographic name entry element NEC ENGINEERING AND CONSTRUCTION CONTRACT: OPTION D (THIRD EDITION)
650 24 - SUBJECT ADDED ENTRY--TOPICAL TERM
Topical term or geographic name entry element NEC ENGINEERING AND CONSTRUCTION CONTRACT: OPTION E (THIRD EDITION)
650 24 - SUBJECT ADDED ENTRY--TOPICAL TERM
Topical term or geographic name entry element NEC ENGINEERING AND CONSTRUCTION CONTRACT: OPTION F (THIRD EDITION)
650 24 - SUBJECT ADDED ENTRY--TOPICAL TERM
Topical term or geographic name entry element NEC ENGINEERING AND CONSTRUCTION SUBCONTRACT (THIRD EDITION)
650 24 - SUBJECT ADDED ENTRY--TOPICAL TERM
Topical term or geographic name entry element NEC PROFESSIONAL SERVICES CONTRACT (THIRD EDITION)
650 24 - SUBJECT ADDED ENTRY--TOPICAL TERM
Topical term or geographic name entry element NEC ENGINEERING AND CONSTRUCTION SHORT CONTRACT (SECOND EDITION)
650 24 - SUBJECT ADDED ENTRY--TOPICAL TERM
Topical term or geographic name entry element NEC ENGINEERING AND CONSTRUCTION SHORT SUBCONTRACT (THIRD EDITION)
650 24 - SUBJECT ADDED ENTRY--TOPICAL TERM
Topical term or geographic name entry element NEC ADJUDICATOR'S CONTRACT (THIRD EDITION)
650 24 - SUBJECT ADDED ENTRY--TOPICAL TERM
Topical term or geographic name entry element NEC TERM SERVICE CONTRACT (FIRST EDITION)
650 24 - SUBJECT ADDED ENTRY--TOPICAL TERM
Topical term or geographic name entry element NEC FRAMEWORK CONTRACT (FIRST EDITION)
690 ## - LOCAL SUBJECT ADDED ENTRY--TOPICAL TERM (OCLC, RLIN)
Topical term or geographic name as entry element BUILT ENVIRONMENT-BUILDING CONTRACT FORMS-STANDARD FORMS OF BUILDING CONTRACT-NEW ENGINEERING CONTRACT CONTRACTS
942 ## - ADDED ENTRY ELEMENTS (KOHA)
Suppress in OPAC 0
Holdings
Withdrawn status Lost status Damaged status Not for loan Home library Current library Shelving location Date acquired Cost, normal purchase price Total Checkouts Full call number Barcode Date last seen Date last checked out Copy number Cost, replacement price Price effective from Koha item type Source of classification or shelving scheme
  Missing     London London Missing 06/10/2005 233.75 27 F624.04 INS ECC 30063806 06/08/2019 19/01/2010 2 233.75 06/08/2019 Book  
        London London Folio 06/10/2005 233.75 15 BASEMENT 61 ECC OPTION A 30063805 06/08/2019 18/01/2010 2 233.75 06/08/2019 Book Dewey Decimal Classification
        London London Basement 06/10/2005 233.75 12 BASEMENT 61 ECC OPTION B 30063804 06/08/2019 23/03/2009 2 233.75 06/08/2019 Book Dewey Decimal Classification
        London London Basement 06/10/2005 233.75 16 BASEMENT 61 ECC OPTION C 30063803 06/08/2019 15/10/2009 2 233.75 06/08/2019 Book Dewey Decimal Classification
        London London Basement 06/10/2005 233.75 10 BASEMENT 61 ECC OPTION D 30063802 06/08/2019 30/07/2009 2 233.75 06/08/2019 Book Dewey Decimal Classification
  Missing     London London Missing 06/10/2005 233.75 8 F624.04 INS ECC Option E 30063801 06/08/2019 18/11/2008 2 233.75 06/08/2019 Book  
        London London Basement 06/10/2005 233.75 5 BASEMENT 61 ECC OPTION F 30063800 06/08/2019 21/12/2009 2 233.75 06/08/2019 Book Dewey Decimal Classification
        London London Basement 06/10/2005 233.75 18 BASEMENT 61 ECC GUIDANCE NOTES 30069983 06/08/2019 15/10/2009 2 233.75 06/08/2019 Book Dewey Decimal Classification
  Missing     London London Missing 06/10/2005 233.75 3 F624.04 INS ECC flow charts 30069982 06/08/2019 31/10/2008 2 233.75 06/08/2019 Book  
  Missing     London London Missing 06/10/2005 233.75 7 F624.04 INS ECS 30063807 06/08/2019 18/11/2008 2 233.75 06/08/2019 Book  
        London London Basement 06/10/2005 233.75 2 BASEMENT 30069979 06/08/2019 22/06/2009 2 233.75 06/08/2019 Book Dewey Decimal Classification
        London London Basement 06/10/2005 233.75 11 BASEMENT 61 PSC 30069981 06/08/2019 27/08/2009 2 233.75 06/08/2019 Book Dewey Decimal Classification
        London London Basement 06/10/2005 233.75 12 BASEMENT 61 PSC GUIDANCE AND CHARTS 30069980 06/08/2019 27/08/2009 2 233.75 06/08/2019 Book Dewey Decimal Classification
        London London Basement 06/10/2005 233.75 7 BASEMENT 61 ECSC 30069978 06/08/2019 22/06/2009 2 233.75 06/08/2019 Book Dewey Decimal Classification
        London London Basement 06/10/2005 233.75 7 BASEMENT 61 ECSC GUIDE AND CHARTS 30069977 06/08/2019 22/06/2009 2 233.75 06/08/2019 Book Dewey Decimal Classification
        London London Basement 06/10/2005 233.75   BASEMENT 61 AC 30069975 06/08/2019   2 233.75 06/08/2019 Book Dewey Decimal Classification
        London London Basement 06/10/2005 233.75 3 BASEMENT 61 AC GUIDANCE AND CHARTS 30069976 06/08/2019 24/03/2009 2 233.75 06/08/2019 Book Dewey Decimal Classification
        London London Basement 06/10/2005 233.75 4 BASEMENT 61 TSC 30064727 06/08/2019 30/06/2008 2 233.75 06/08/2019 Book Dewey Decimal Classification
        London London Basement 06/10/2005 233.75 6 BASEMENT 61 TSC GUIDANCE NOTES 30064728 06/08/2019 30/06/2008 2 233.75 06/08/2019 Book Dewey Decimal Classification
        London London Basement 06/10/2005 233.75 7 BASEMENT 61 TSC FLOW CHARTS 30064729 06/08/2019 23/12/2008 2 233.75 06/08/2019 Book Dewey Decimal Classification
        London London Basement 06/10/2005 233.75 5 BASEMENT 61 FC 30064730 06/08/2019 23/12/2008 2 233.75 06/08/2019 Book Dewey Decimal Classification
        London London Basement 06/10/2005 233.75 10 BASEMENT 61 FC GUIDANCE AND CHARTS 30064731 06/08/2019 27/11/2009 2 233.75 06/08/2019 Book Dewey Decimal Classification
        London London Folio 06/10/2005 233.75 22 BASEMENT 61 PROCUREMENT STRATEGIES 30064732 06/08/2019 18/01/2010 2 233.75 06/08/2019 Book Dewey Decimal Classification